Joven y sano con alimentación natural /

Obra de iniciación en el naturismo, donde se explican las propiedades nutricionales y terapéuticas de las frutas, las verduras y las legumbres, así como las incompatibilidades alimenticias, las tablas de calorías y pesos, y cómo preparar recetas vegetarianas.

Uloženo v:
Podrobná bibliografie
Hlavní autor: Avila, Margarita (autor)
Médium: Kniha
Jazyk:španělština
Vydáno: México : Editores Mexicanos Unidos, 2004, c2004
Témata:
Tagy: Přidat tag
Žádné tagy, Buďte první, kdo vytvoří štítek k tomuto záznamu!

MARC

LEADER 00000nam^a2200000^a^4500
001 000345777
005 20250521000000.0
009 20260310114727.842
020 |a 968-15-0524-7 
037 |a Acervo ITESO - Biblioteca 
041 |a ESP 
082 |a 613. 262  |b AVI 
100 |a Avila, Margarita  |e (autor) 
245 1 0 |a Joven y sano con alimentación natural /  |c M. Avila. 
264 4 |a México :  |b Editores Mexicanos Unidos,  |c 2004, c2004 
336 |a texto  |b txt  |2 rdacontenido 
337 |a sin mediación  |b n  |2 rdamedio 
338 |a volumen  |b nc  |2 rdasoporte 
520 |a Obra de iniciación en el naturismo, donde se explican las propiedades nutricionales y terapéuticas de las frutas, las verduras y las legumbres, así como las incompatibilidades alimenticias, las tablas de calorías y pesos, y cómo preparar recetas vegetarianas. 
649 |a XX 
650 |a Frutas -  |x Valor Nutritivo 
650 |a Frutas -  |x Uso Terapéutico 
650 |a Verduras y Legumbres -  |x Valor Nutritivo 
650 |a Verduras y Legumbres -  |x Uso Terapéutico 
650 |a Cocina Vegetariana -  |x Recetarios 
650 |a Cocina Vegetariana -  |x Tema Principal 
650 |a Dietética -  |x Tema Principal 
650 |a Dieta 
650 |a Naturismo -  |x Tema Principal 
650 |a Nutrición 
910 |a Fondo General 
920 |a Impresos - Libros 
930 |a Colección General 
905 |a 101 
901 |a 0500236360  |b IT1  |c ACC  |i D64109  |u 20250521 
902 |a https://opac.biblio.iteso.mx/vufind/Record/000345777